Airports and Airplanes Trivia - Statistics

General Stats
  • This quiz has been taken 2,810 times
  • The average score is 6 of 16
Answer Stats
Hint Answer % Correct
Busiest Airport (Passengers enplaned) Atlanta-Hartsfield Jackson International Airport
75%
What country is Qantas airlines based in? Australia
74%
What is the best selling commercial airliner of all time? Boeing 737
64%
What is the international language of aviation? English
58%
World's Largest Airplane (currently flying) Antanov AN-225
53%
What Year did the first Boeing 747 enter airline service 1970
49%
What airline did this ^ airplane fly with Pan-Am
48%
Where did the deadliest aviation accident in world history take place? Tenerife, Canary Islands
41%
What was the nickname of the airplane that dropped the first atomic bomb Enola Gay
36%
What was the model of the first airplane to drop an atomic bomb Boeing B-29 Superfortress
28%
What is the highest produced general aviation aircraft of all time? Cessna 172 Skyhawk
28%
Busiest Airport (Operations) Chicago-O'Hare International Airport
20%
Busiest Airport (Cargo Tonnage) Hong Kong International Airport
18%
What Airline carries the most international passengers? RyanAir
9%
What kind of airplane killed Buddy Holly, Ritchie Valens, and the Big Bopper in 1959 Beechcraft 35 Bonanza V-Tail
4%
To solve a high-speed flutter problem with the first 747's, engineers placed what kind of weight in the outboard engine nacelles Depleted Uranium
4%
No matching quizzes found
Score Distribution
Percent of People with Each Score
Percentile by Number Answered
Your Score History
You have not taken this quiz